Rājasthāna ke rājagharānoṃ kī Hindī-sevā. (Record no. 84664)

MARC details
000 -LEADER
fixed length control field 00732cam a22002531 4500
001 - CONTROL NUMBER
control field sa 68012664
003 - CONTROL NUMBER IDENTIFIER
control field DLC
005 - DATE AND TIME OF LATEST TRANSACTION
control field 20260227112613.0
008 - FIXED-LENGTH DATA ELEMENTS--GENERAL INFORMATION
fixed length control field 890607s1968 ii b 000 0 hino
010 ## - LIBRARY OF CONGRESS CONTROL NUMBER
LC control number sa 68012664
035 ## - SYSTEM CONTROL NUMBER
System control number (OCoLC)19832364
040 ## - CATALOGING SOURCE
Original cataloging agency DLC
Transcribing agency WaU
Modifying agency DLC
042 ## - AUTHENTICATION CODE
Authentication code premarc
043 ## - GEOGRAPHIC AREA CODE
Geographic area code a-ii---
050 00 - LIBRARY OF CONGRESS CALL NUMBER
Classification number PK2035
Item number .K3
100 1# - MAIN ENTRY--PERSONAL NAME
Personal name Kaul, Raj Kumari,
Dates associated with a name 1927-
245 10 - TITLE STATEMENT
Title Rājasthāna ke rājagharānoṃ kī Hindī-sevā.
260 ## - PUBLICATION, DISTRIBUTION, ETC.
Date of publication, distribution, etc. [1968]
300 ## - PHYSICAL DESCRIPTION
Extent 16, 300 p.
Dimensions 22 cm.
500 ## - GENERAL NOTE
General note In Hindi; some quotations in Braj and Rajasthani.
504 ## - BIBLIOGRAPHY, ETC. NOTE
Bibliography, etc. note Bibliography: p. [279]-[284]
650 #0 - SUBJECT ADDED ENTRY--TOPICAL TERM
Topical term or geographic name entry element Hindi literature
General subdivision History and criticism.
651 #0 - SUBJECT ADDED ENTRY--GEOGRAPHIC NAME
Geographic name Rajasthan (India)
General subdivision Kings and rulers.

No items available.

Powered by Koha